| 000 | 00779cam a22002531 4500 | ||
|---|---|---|---|
| 001 | sa 68005336 | ||
| 003 | DLC | ||
| 005 | 20260227112508.0 | ||
| 008 | 710915s1967 ii b 00010 eng | ||
| 010 | _asa 68005336 //r82 | ||
| 025 | _aPL480:I-E-8539 | ||
| 043 | _aa-ii--- | ||
| 050 | 0 |
_aZ3201 _b.S42 |
|
| 082 | _a016.398/0954 | ||
| 100 | 2 | 0 | _aSen Gupta, Sankar. |
| 245 | 1 | 2 |
_aA bibliography of Indian folklore and related subjects, _cby Sankar Sen Gupta with Shyam Parmar. |
| 260 | 0 |
_aCalcutta, _bIndian Publications, _c1967. |
|
| 300 |
_a196 p. _c25 cm. |
||
| 350 |
_aRs38 _a$7.50 |
||
| 490 | 0 | _aIndian folklore series, no. 11 | |
| 650 | 0 |
_aFolklore _zIndia _xBibliography. |
|
| 651 | 0 |
_aIndia _xSocial life and customs _xBibliography. |
|
| 700 | 1 | 0 |
_aParmar, Shyam, _d1925- |
| 999 |
_c80665 _d80665 |
||